000 01211nam a22002657a 4500
005 20170124102929.0
010 _aB-242898
020 _c375.00
_a8185999872
035 _aB-242898
037 _bCen Lib/Ret
040 _aDPL
_bHN
082 _a074.4
_bमिश्रदे
100 _aमिश्र, देवप्रकाश
_9108571
245 _aहिंदी पत्रकारिता :
_cदेवप्रकाश मिश्र
_bआधुनिक संदर्भ /
246 _aHindi patrkarita : aadhunik sandarbh /
_bby Devprakash Mishra
260 _bस्वराज प्रकाशन
_aनई दिल्ली
_c2007
270 _a4697/3, 21-A, अंसारी रोड, दरियागंज
_bनई दिल्ली
_e110002
300 _aiii,185पृ.
_c20सेमी (सजिल्द)
500 _aसंदर्भ शामिल
650 _aहिंदी पत्रकारिता
_91191
650 _aपत्रकारिता -- दिशाएं
_91670
650 _aHindi journalism
_943511
650 _aJournalism -- directions
_944579
942 _2ddc
_cHN
_h074.4
_mमिश्रदे
999 _c111801
_d111801